logo

Bir Sreshtho Munshi Abdur Rouf Library
Jhenaidah Cadet College

The Life Of Mahatma Gandhi / (Record no. 11737)

MARC details
000 -LEADER
fixed length control field 00683nam a2200241 a 4500
001 - CONTROL NUMBER
JCCL Control Number 11737
003 - CONTROL NUMBER IDENTIFIER
JCCL marc code BD-JhCC
005 - DATE AND TIME OF LATEST TRANSACTION
control field 20200810124420.0
008 - FIXED-LENGTH DATA ELEMENTS--GENERAL INFORMATION
fixed length control field 200810b19512017ii |||| ||a| 001 0 eng d
020 ## - INTERNATIONAL STANDARD BOOK NUMBER
International Standard Book Number 9780007253906
035 ## - SYSTEM CONTROL NUMBER
system control number (BD-JhCC)11737
040 ## - CATALOGING SOURCE
Original cataloging agency BD-JhCC
Modifying agency BD-JhCC
041 ## - LANGUAGE CODE
Language code of Book eng
082 ## - DEWEY DECIMAL CLASSIFICATION NUMBER
Classification number 954.035092
Author mark and Year FIS 2017
100 ## - MAIN ENTRY--PERSONAL NAME
Personal name Fischer, Louis
245 ## - TITLE STATEMENT
Title The Life Of Mahatma Gandhi /
Statement of responsibility, etc Louis Fischer.
260 ## - PUBLICATION, DISTRIBUTION, ETC. (IMPRINT)
Place of publication, distribution, etc India:
Name of publisher, distributor, etc Harper collins;
Date of publication, distribution, etc 2017.
300 ## - PHYSICAL DESCRIPTION
Pagination 671 p. :
Other physical details illus;
Dimensions 20 cm.
650 ## - SUBJECT ADDED ENTRY--TOPICAL TERM
Topical term or geographic name as entry element India
651 ## - SUBJECT ADDED ENTRY--GEOGRAPHIC NAME
Geographic name Gandhi, Mahatma, 1869-1948
Form subdivision Statesmen
General subdivision Politics and government
Chronological subdivision Pacifists
Geographic subdivision German language
942 ## - ADDED ENTRY ELEMENTS (KOHA)
Source of classification or shelving scheme Dewey Decimal Classification
Koha item type Books
Holdings
Source of classification or shelving scheme Damaged status Not for loan Home library Current library Shelving location Date of accession Cost, normal purchase price Total Checkouts Full call number Barcode Date last seen Copy number Koha item type
Dewey Decimal Classification     JCC Rouf Library JCC Rouf Library General Stacks 08/10/2020 1078.00   954.035092 FIS 2017 16032 08/10/2020 C-1 Books

JCC Library | Contacts | JCC Home

Last Update on 23 September 2017
Copyright @ 2017-2020 JCC Rouf Library
Rouf Library, Jhenidah Cadet College (JCC), Bangladesh